| 000 | 00507nam a2200193Ia 4500 | ||
|---|---|---|---|
| 003 | GCL | ||
| 005 | 20240530100047.0 | ||
| 008 | 140319s9999 xx 000 0 eng d | ||
| 040 |
_aGCL / _cGCL |
||
| 082 | 0 | 4 |
_a781.23 _bE M |
| 100 | 1 | _aEARGLE, JOHN M | |
| 245 | 1 | 0 |
_aMUSIC, SOUND AND TECHNOLOGY / _cEARGLE, JOHN M |
| 260 |
_a[S.N] : _bDIVISION OF INTERNATIONAL THOMSON ، _c1995 |
||
| 300 | _a341 P | ||
| 650 | 0 | 4 | _aMUSIC |
| 650 | 0 | 4 | _aMUSIC - ACOUSTICS |
| 650 | 0 | 4 | _aMUSIC - PHYSICS |
| 942 |
_2ddc _cBK |
||
| 999 |
_c13554 _d13554 |
||